Laboratory manual of analytical techniques in horticulture / (Record no. 2098)
[ view plain ]
| 000 -LEADER | |
|---|---|
| fixed length control field | 00488nam a22001457a 4500 |
| 020 ## - ISBN | |
| International Standard Book Number | 817754815 |
| 050 ## - LIBRARY OF CONGRESS CALL NUMBER | |
| Classification Number | QH865 |
| Item Number | .S35 |
| 100 ## - MAIN ENTRY--Author | |
| Personal name | Saini, R.S. |
| 245 ## - TITLE | |
| Title | Laboratory manual of analytical techniques in horticulture / |
| Statement of responsibility, etc | R.S. Saini, K.D. Sharma, O.P. Dhankhar and R.A. Kaushik |
| 260 ## - PUBLICATION, DISTRIBUTION, ETC.(IMPRINT) | |
| Place of publication, distribution, etc | Jodhpur, India : |
| Name of publisher, distributor, etc | Agrobios (India), |
| Date of publication, distribution, etc | c2006. |
| 300 ## - PHYSICAL DESCRIPTION | |
| Extent | 135 p. |
| 650 ## - SUBJECT--TOPIC | |
| Topical term following geographic name as entry element | Plants -- Analysis ; |
| -- | Horticulture |
| 700 ## - ADDED ENTRY--PERSONAL AUTHOR | |
| Personal Name | Sharma, R.S. ; |
| -- | Dhankhar, O.P. ; |
| -- | Kaushik, R.A. |
| 942 ## - ADDED ENTRY ELEMENTS(KOHA) | |
| Koha item type | General circulation |
| Source of classification or shelving scheme | Not for loan | Location (home branch) | Sublocation (holding branch) | Date accessioned | Cost, normal purchase price | Full call number | Barcode | Cost, replacement price | Nonpublic note | Koha item type | Public note |
|---|---|---|---|---|---|---|---|---|---|---|---|
| Library of Congress Classification | Main Campus Library | Main Campus Library | 27/08/2014 | 1664.08 | QH865 .S35 | 2015/008883 | 2164.08 | Nzk | General circulation | Nzk |